[Event "Montreal op U2100"]
[Site "Montreal CAN"]
[Date "2019.09.07"]
[Round "2.18"]
[White "Dumoulin, Sylvain"]
[Black "Adam, Rafael"]
[Result "1-0"]
[WhiteElo "1779"]
[BlackElo "1654"]
[PlyCount "125"]
[EventDate "2019.09.06"]
[EventType "swiss"]
[EventRounds "5"]
[EventCountry "CAN"]

1. Nc3 e5 2. Nf3 Nc6 3. d4 exd4 4. Nxd4 Nf6 5. Bg5 Be7 6. Nf5 Nh5 7. Nxe7 Nxe7
8. e4 Nf6 9. e5 Nfg8 10. Bc4 d6 11. Qh5 g6 12. Qf3 Be6 13. Bxe6 fxe6 14. Bf6
Nxf6 15. Qxf6 Kd7 16. exd6 cxd6 17. O-O-O d5 18. Rhe1 Qg8 19. Nxd5 Nxd5 20. c4
Re8 21. cxd5 exd5 22. Rxe8 Qxe8 23. Rxd5+ Kc8 24. Qd6 b6 25. Rd3 Qf7 26. Qc6+
Qc7 27. Qxc7+ Kxc7 28. Rf3 a5 29. Rf7+ Kd6 30. Kd2 g5 31. Kd3 h5 32. Kd4 Rh6
33. Rb7 Kc6 34. Rg7 g4 35. Rg5 Kd6 36. a4 Ke7 37. Rb5 Rf6 38. Ke3 Rh6 39. Kf4
Kf7 40. Kg5 Kg7 41. Kh4 Rf6 42. Kxh5 Rxf2 43. Kxg4 Rxg2+ 44. Kh3 Rg6 45. Kh4
Kf7 46. Kh5 Rc6 47. h4 Kg7 48. b3 Rd6 49. Kg4 Kg6 50. h5+ Kh6 51. Kf4 Re6 52.
Re5 Rd6 53. Ke4 Kg7 54. Rg5+ Kf7 55. Rg6 Rxg6 56. hxg6+ Kxg6 57. Kd5 Kf6 58.
Kc6 Ke7 59. Kxb6 Kd7 60. Kxa5 Kc7 61. Ka6 Kb8 62. Kb6 Ka8 63. Kc7 1-0

[Event "Montreal op U2100"]
[Site "Montreal CAN"]
[Date "2019.09.07"]
[Round "2.19"]
[White "Desmarais, Serge"]
[Black "Yan, Alex Jikai"]
[Result "0-1"]
[WhiteElo "1606"]
[BlackElo "1773"]
[PlyCount "64"]
[EventDate "2019.09.06"]
[EventType "swiss"]
[EventRounds "5"]
[EventCountry "CAN"]

1. d4 d5 2. c4 e6 3. Nc3 Nf6 4. Nf3 Be7 5. Bf4 O-O 6. e3 a6 7. Rc1 dxc4 8. Bxc4
b5 9. Bd3 Bb7 10. O-O Nbd7 11. Qe2 c5 12. e4 cxd4 13. Nb1 Nc5 14. Nbd2 Nh5 15.
Bg3 f6 16. e5 f5 17. h3 Nxg3 18. fxg3 Qd5 19. Rfe1 Rfd8 20. b3 Rac8 21. Kh2 h5
22. Qf1 g5 23. Bb1 g4 24. Nh4 Bg5 25. Ng6 Rd7 26. Nf4 Bxf4 27. gxf4 Kg7 28. g3
gxh3 29. Kxh3 Kf7 30. Qf2 h4 31. Rg1 hxg3 32. Rxg3 Rh8# 0-1

[Event "Montreal op U2100"]
[Site "Montreal CAN"]
[Date "2019.09.06"]
[Round "2.20"]
[White "Bilodeau-Savaria, Carl-William"]
[Black "Boileau, Dominic"]
[Result "1/2-1/2"]
[WhiteElo "1393"]
[BlackElo "1708"]
[PlyCount "97"]
[EventDate "2019.09.06"]
[EventType "swiss"]
[EventRounds "5"]
[EventCountry "CAN"]

1. d4 Nf6 2. c4 g6 3. Nc3 d5 4. cxd5 Nxd5 5. e4 Nxc3 6. bxc3 Bg7 7. Nf3 c5 8.
Be2 O-O 9. Bb2 Qa5 10. O-O Nc6 11. Qb3 Bg4 12. d5 Bxf3 13. Bxf3 Ne5 14. Be2 b5
15. f4 c4 16. Qa3 Qb6+ 17. Rf2 Nd7 18. Re1 Nc5 19. Bf1 f5 20. exf5 Rxf5 21. Bc1
Qd6 22. Rfe2 Nd3 23. Qxd6 exd6 24. Re8+ Rxe8 25. Rxe8+ Kf7 26. Bxd3 cxd3 27.
Re3 Rxd5 28. Bd2 Bxc3 29. Bxc3 d2 30. Bxd2 Rxd2 31. Ra3 Ke6 32. Rxa7 Kf5 33. a4
bxa4 34. Rxa4 d5 35. Ra7 h5 36. Rf7+ Ke4 37. Rg7 d4 38. Rxg6 Ke3 39. Re6+ Kxf4
40. Kf1 d3 41. Re8 Ra2 42. Re7 h4 43. Re8 Ra1+ 44. Re1 Rxe1+ 45. Kxe1 Ke3 46.
g4 hxg3 47. hxg3 Kf3 48. Kd2 Kxg3 49. Kxd3 1/2-1/2

[Event "Montreal op U2100"]
[Site "Montreal CAN"]
[Date "2019.09.07"]
[Round "2.21"]
[White "Gauthier, Denis"]
[Black "Bilodeau-Savaria, Sandy-Rose"]
[Result "1/2-1/2"]
[WhiteElo "1847"]
[BlackElo "1460"]
[PlyCount "109"]
[EventDate "2019.09.06"]
[EventType "swiss"]
[EventRounds "5"]
[EventCountry "CAN"]

1. d4 d5 2. c4 e6 3. Nc3 Nf6 4. cxd5 exd5 5. Bg5 c6 6. e3 Be7 7. Bd3 O-O 8.
Nge2 h6 9. Bh4 Nbd7 10. O-O Re8 11. Qc2 Ne4 12. Bxe7 Qxe7 13. Rae1 Ndf6 14. f3
Nd6 15. Ng3 a6 16. a3 Be6 17. e4 dxe4 18. fxe4 Nb5 19. Nxb5 axb5 20. Qc3 Qd7
21. Bb1 Rad8 22. Rd1 Qc7 23. Qc2 Qb6 24. Qc5 Qxc5 25. dxc5 Rd7 26. Rxd7 Nxd7
27. b4 b6 28. cxb6 Nxb6 29. Rd1 Nc4 30. Rd3 Ra8 31. Nf5 Bxf5 32. exf5 Nxa3 33.
Ba2 Nc2 34. Bb3 Nxb4 35. Rd7 Rf8 36. Rc7 Nd3 37. Rxc6 Re8 38. g4 Rb8 39. Rc7
Ne5 40. Re7 Nxg4 41. Rxf7 Kh8 42. Re7 Nf6 43. Kf2 Ne8 44. Rd7 Rc8 45. Rd5 Rb8
46. Rd7 b4 47. h4 h5 48. Ke2 Kh7 49. Re7 Nf6 50. Kd3 Kh6 51. Re5 g6 52. Re6 Rf8
53. fxg6 Kxg6 54. Rb6 Kf5 55. Rxb4 1/2-1/2

[Event "Montreal op U2100"]
[Site "Montreal CAN"]
[Date "2019.09.07"]
[Round "2.22"]
[White "Shah, Omar"]
[Black "Levasseur, Sylvain"]
[Result "1/2-1/2"]
[WhiteElo "1811"]
[BlackElo "1610"]
[PlyCount "109"]
[EventDate "2019.09.06"]
[EventType "swiss"]
[EventRounds "5"]
[EventCountry "CAN"]

1. c4 e5 2. Nc3 Nf6 3. e3 d6 4. Qc2 c6 5. Nf3 Bg4 6. Bd3 Na6 7. a3 Nc5 8. Be2
e4 9. Nd4 Bxe2 10. Kxe2 Qd7 11. f3 exf3+ 12. gxf3 Qh3 13. Rf1 Qxh2+ 14. Rf2 Qh5
15. b4 Ne6 16. Nxe6 fxe6 17. Bb2 Qf7 18. Rg1 g6 19. Ne4 e5 20. Nxf6+ Qxf6 21.
f4 Qe6 22. fxe5 dxe5 23. Qe4 Bg7 24. Rgf1 Rf8 25. Rxf8+ Bxf8 26. Qxe5 Qxe5 27.
Bxe5 Rd8 28. d4 Rd7 29. e4 a6 30. c5 h6 31. Rf6 g5 32. Ke3 Rh7 33. Rf5 h5 34.
Kf3 Be7 35. d5 cxd5 36. exd5 Rf7 37. Rxf7 Kxf7 38. a4 Ke8 39. Bc7 Kd7 40. Bb6
Bf6 41. b5 axb5 42. axb5 Be5 43. Ke4 Bf4 44. Ba7 h4 45. Kf3 h3 46. c6+ bxc6 47.
dxc6+ Kc7 48. Kf2 g4 49. Kg1 g3 50. Kh1 Bd6 51. Bd4 Bf4 52. Bc5 Be5 53. Ba7 Bd6
54. Bd4 Bf4 55. Bc5 1/2-1/2

[Event "Montreal op U2100"]
[Site "Montreal CAN"]
[Date "2019.09.07"]
[Round "2.23"]
[White "Liu, Kevin"]
[Black "Guillemette, Hugo"]
[Result "1-0"]
[WhiteElo "1803"]
[BlackElo "1633"]
[PlyCount "109"]
[EventDate "2019.09.06"]
[EventType "swiss"]
[EventRounds "5"]
[EventCountry "CAN"]

1. c4 e6 2. Nc3 d5 3. d4 c5 4. dxc5 d4 5. Ne4 Bxc5 6. Nxc5 Qa5+ 7. Bd2 Qxc5 8.
e3 dxe3 9. Bxe3 Qe7 10. Be2 Nf6 11. Qb3 O-O 12. O-O-O Nc6 13. Kb1 Bd7 14. Bg5
Rfd8 15. Bf3 Rac8 16. Bxc6 Bxc6 17. Rxd8+ Rxd8 18. f3 Qd7 19. Nh3 Ba4 20. Qc3
Qd3+ 21. Qxd3 Rxd3 22. b3 Bc6 23. Kc2 Rd8 24. Nf2 h6 25. Bxf6 gxf6 26. Rd1 Rxd1
27. Nxd1 Kf8 28. Kd3 Ke7 29. b4 e5 30. Ne3 Ke6 31. b5 Bd7 32. Ke4 Kd6 33. g4
Be6 34. h4 Kc5 35. a3 Bxc4 36. Nxc4 Kxc4 37. Kf5 Kd3 38. Kxf6 Ke3 39. g5 hxg5
40. hxg5 Kf4 41. Kxf7 Kxg5 42. Ke6 Kf4 43. a4 a6 44. b6 a5 45. Kd5 Kf5 46. Kd6
Kf4 47. Ke6 Kxf3 48. Kxe5 Ke3 49. Kd6 Kd4 50. Kc7 Kc4 51. Kxb7 Kb4 52. Kc6 Kxa4
53. b7 Ka3 54. b8=Q a4 55. Qb5 1-0

[Event "Montreal op U2100"]
[Site "Montreal CAN"]
[Date "2019.09.07"]
[Round "2.24"]
[White "Hernandez, Juan Felipe"]
[Black "Varro, Daniel"]
[Result "0-1"]
[WhiteElo "1759"]
[BlackElo "1604"]
[PlyCount "30"]
[EventDate "2019.09.06"]
[EventType "swiss"]
[EventRounds "5"]
[EventCountry "CAN"]

1. e4 c6 2. Nf3 d5 3. Nc3 Bg4 4. h3 Bxf3 5. Qxf3 e6 6. d3 Nf6 7. e5 Nfd7 8. Qg3
c5 9. Be2 Nc6 10. f4 Qb6 11. Bd2 Nd4 12. Bd1 h5 13. Na4 Qc6 14. c3 Nf5 15. Qf2
b5 0-1

[Event "Montreal op U2100"]
[Site "Montreal CAN"]
[Date "2019.09.07"]
[Round "2.25"]
[White "He, Jiaqi"]
[Black "Demers, Alexis"]
[Result "0-1"]
[WhiteElo "1576"]
[BlackElo "1738"]
[PlyCount "92"]
[EventDate "2019.09.06"]
[EventType "swiss"]
[EventRounds "5"]
[EventCountry "CAN"]

1. e4 c5 2. Nf3 d6 3. d4 cxd4 4. Nxd4 Nf6 5. Nc3 a6 6. a3 e5 7. Nf3 Be6 8. Bd3
h6 9. h3 Qc7 10. O-O Be7 11. Be3 O-O 12. Na4 Nbd7 13. Qd2 Qc6 14. Nc3 Rad8 15.
Rfe1 Rfe8 16. Rad1 Nf8 17. Qc1 Bc4 18. b3 Bxd3 19. cxd3 Ne6 20. Na4 Nd7 21.
Qxc6 bxc6 22. Rc1 c5 23. Red1 Nd4 24. Nxd4 exd4 25. Bf4 Bg5 26. Bxg5 hxg5 27.
b4 Rc8 28. bxc5 dxc5 29. Rb1 c4 30. f3 c3 31. Rb4 Rb8 32. Rdb1 Rxb4 33. axb4
Rb8 34. Rc1 Rxb4 35. Nxc3 dxc3 36. Rxc3 a5 37. Rc8+ Kh7 38. Ra8 a4 39. Kf2 Nc5
40. Ke2 Rb2+ 41. Ke3 Ra2 42. Ra5 Ne6 43. g3 a3 44. d4 Ra1 45. d5 a2 46. Kd2 Rh1
0-1

[Event "Montreal op U2100"]
[Site "Montreal CAN"]
[Date "2019.09.07"]
[Round "2.26"]
[White "Omichi, Haruaki"]
[Black "Duplessis, Claude"]
[Result "1-0"]
[WhiteElo "1737"]
[BlackElo "1556"]
[PlyCount "83"]
[EventDate "2019.09.06"]
[EventType "swiss"]
[EventRounds "5"]
[EventCountry "CAN"]

1. e4 e5 2. Nf3 Nc6 3. Bc4 Bc5 4. c3 Nf6 5. d3 O-O 6. b4 Bd6 7. O-O a6 8. a4
Be7 9. Re1 d6 10. Qb3 h6 11. Bb2 Bg4 12. Nbd2 Qd7 13. d4 exd4 14. cxd4 Rab8 15.
d5 Nd8 16. e5 Nh7 17. e6 fxe6 18. dxe6 Qe8 19. h3 Bf5 20. Bd3 Bxd3 21. Qxd3 Bf6
22. Bxf6 Rxf6 23. e7 Ne6 24. Ne4 Rf7 25. Nxd6 Qd7 26. Rxe6 Qxe6 27. Nxf7 Qxf7
28. Qd7 c6 29. Re1 Nf6 30. Qd8+ Qe8 31. Qd6 Rc8 32. Ne5 Kh7 33. Nd3 b6 34. Nf4
Nd7 35. Ne6 c5 36. Nc7 Rxc7 37. Qxc7 cxb4 38. Rd1 Nf6 39. Qc2+ g6 40. Qc7 Ng8
41. Rd8 Qxe7 42. Rd7 1-0

[Event "Montreal op U2100"]
[Site "Montreal CAN"]
[Date "2019.09.07"]
[Round "2.27"]
[White "Gao, Shiqi"]
[Black "Vignalou, Joseph"]
[Result "1/2-1/2"]
[WhiteElo "1693"]
[BlackElo "1734"]
[PlyCount "55"]
[EventDate "2019.09.06"]
[EventType "swiss"]
[EventRounds "5"]
[EventCountry "CAN"]

1. e4 c5 2. Nf3 Nc6 3. d4 cxd4 4. Nxd4 Nf6 5. Nc3 g6 6. Be2 Bg7 7. Be3 O-O 8.
Qd2 d5 9. Nxc6 bxc6 10. O-O-O Bb7 11. e5 Nd7 12. f4 e6 13. Na4 Qc7 14. Nc5 Rfc8
15. Nxd7 Qxd7 16. Bc5 a5 17. h4 Bf8 18. Qc3 Ba6 19. Bxa6 Rxa6 20. h5 Bxc5 21.
Qxc5 Qa7 22. Qxa7 Rxa7 23. Rd4 c5 24. Ra4 Rb8 25. Rh3 gxh5 26. Rxh5 Rb4 27.
Rxb4 axb4 28. Kb1 1/2-1/2

[Event "Montreal op U2100"]
[Site "Montreal CAN"]
[Date "2019.09.07"]
[Round "2.28"]
[White "Goldner, John"]
[Black "Bocan, Richard"]
[Result "0-1"]
[WhiteElo "1710"]
[BlackElo "1570"]
[PlyCount "120"]
[EventDate "2019.09.06"]
[EventType "swiss"]
[EventRounds "5"]
[EventCountry "CAN"]

1. e4 c6 2. d4 d5 3. e5 Bf5 4. h4 h6 5. c4 dxc4 6. Bxc4 e6 7. Nc3 Ne7 8. Be3
Nd7 9. g4 Bg6 10. h5 Bh7 11. Qd2 Nb6 12. Bd3 Bxd3 13. Qxd3 Ned5 14. O-O-O Nxc3
15. Qxc3 Qd5 16. Nh3 Qxa2 17. Kc2 Nd5 18. Qb3 Qxb3+ 19. Kxb3 Be7 20. Bd2 Kd7
21. f4 Rac8 22. Ra1 a6 23. Rhd1 c5 24. dxc5 Bxc5 25. Bc3 Ke7 26. f5 Nxc3 27.
bxc3 Rhd8 28. Rxd8 Rxd8 29. Kc4 Be3 30. Re1 Ba7 31. Rf1 Rd5 32. Re1 Bb8 33. f6+
gxf6 34. exf6+ Kxf6 35. Rf1+ Kg7 36. Kb3 Rd3 37. Nf4 Bxf4 38. Rxf4 Rd5 39. c4
Rc5 40. Kb4 b6 41. Rd4 a5+ 42. Ka4 Kf6 43. Kb3 Ke7 44. Ka4 f6 45. Re4 Rg5 46.
Ka3 f5 47. gxf5 Rxf5 48. Rh4 e5 49. Ka4 Rf4 50. Rh2 Rf6 51. Kb5 e4 52. Re2 Re6
53. Re3 Kf6 54. Rg3 e3 55. Rg6+ Kf5 56. Rg1 e2 57. Re1 Kf4 58. c5 bxc5 59. Kxc5
Kf3 60. Kd5 Kf2 0-1

[Event "Montreal op U2100"]
[Site "Montreal CAN"]
[Date "2019.09.07"]
[Round "2.29"]
[White "Wang, Isabelle"]
[Black "Gorunovich, Anna"]
[Result "1/2-1/2"]
[WhiteElo "1673"]
[BlackElo "1909"]
[PlyCount "67"]
[EventDate "2019.09.06"]
[EventType "swiss"]
[EventRounds "5"]
[EventCountry "CAN"]

1. e4 c5 2. Nf3 e6 3. d4 cxd4 4. Nxd4 a6 5. Nc3 Qc7 6. a3 Nf6 7. Be2 Be7 8. O-O
b5 9. Bf3 Nc6 10. e5 Ng8 11. Nxc6 dxc6 12. Be4 Bd7 13. f4 Bc5+ 14. Kh1 Ne7 15.
Bd2 Nd5 16. Nxd5 cxd5 17. Bd3 g6 18. Bb4 Bxb4 19. axb4 h5 20. Ra5 Bc6 21. Qd2
Qb7 22. Rfa1 Ke7 23. Bf1 Rhd8 24. Qd4 Rd7 25. c3 Rc7 26. Qf2 Be8 27. Qh4+ Kf8
28. Qf2 Qa7 29. Qxa7 Rcxa7 30. Kg1 Ke7 31. Kf2 Kd8 32. Ke3 Kc7 33. g3 Kb6 34.
Kd4 1/2-1/2

[Event "Montreal op U2100"]
[Site "Montreal CAN"]
[Date "2019.09.07"]
[Round "2.30"]
[White "Mangahas, Ronald"]
[Black "Wang, Rachel"]
[Result "1/2-1/2"]
[WhiteElo "1882"]
[BlackElo "1646"]
[PlyCount "105"]
[EventDate "2019.09.06"]
[EventType "swiss"]
[EventRounds "5"]
[EventCountry "CAN"]

1. e4 c5 2. Nf3 Nc6 3. d4 cxd4 4. Nxd4 Nf6 5. Nc3 e5 6. Nb3 Bb4 7. Bd3 d5 8.
exd5 Nxd5 9. Bd2 Nxc3 10. bxc3 Be7 11. O-O O-O 12. f4 f5 13. Qe2 e4 14. Bc4+
Kh8 15. Be3 Bf6 16. Rfd1 Qc7 17. Nd4 Na5 18. Bb3 Nxb3 19. axb3 a6 20. Nb5 Qb8
21. Nd6 Be6 22. Bd4 Qxd6 23. Bxf6 Qxf4 24. Be7 Rfe8 25. Bd6 Qg5 26. Rd4 Bf7 27.
Rf1 Bh5 28. Qe1 Rad8 29. Bf4 Qf6 30. Qe3 h6 31. h3 g5 32. Rxd8 Qxd8 33. Bh2 f4
34. Qc5 e3 35. Bxf4 e2 36. Be5+ Kh7 37. Re1 Qe7 38. Bd6 Qe3+ 39. Qxe3 Rxe3 40.
Bb4 Re6 41. Kf2 g4 42. h4 g3+ 43. Kxg3 Rf6 44. c4 Re6 45. Kf2 Bg6 46. Rxe2
Rxe2+ 47. Kxe2 Bxc2 48. g4 Bxb3 49. Kd3 Ba4 50. g5 hxg5 51. hxg5 Kg6 52. Be7
Bc6 53. Kc3 1/2-1/2

[Event "Montreal op U2100"]
[Site "Montreal CAN"]
[Date "2019.09.07"]
[Round "2.31"]
[White "Leblanc-Legault, Mathieu"]
[Black "Mai, Deren"]
[Result "0-1"]
[WhiteElo "1839"]
[BlackElo "1623"]
[PlyCount "102"]
[EventDate "2019.09.06"]
[EventType "swiss"]
[EventRounds "5"]
[EventCountry "CAN"]

1. d4 Nf6 2. Nf3 e6 3. c4 c5 4. e3 Be7 5. Nc3 d5 6. b3 O-O 7. Bd3 dxc4 8. Bxc4
b6 9. O-O Bb7 10. Bb2 Nc6 11. dxc5 Bxc5 12. a3 Be7 13. b4 Qc8 14. Qe2 a6 15.
Rac1 b5 16. Bd3 Qb8 17. Ne4 Nd5 18. Nc5 Rd8 19. Nxb7 Qxb7 20. Qc2 Rac8 21.
Bxh7+ Kf8 22. Qb1 Bf6 23. Be4 Bxb2 24. Qxb2 Nf6 25. Qb1 Nxe4 26. Qxe4 g6 27.
Rc5 Na5 28. Qxb7 Nxb7 29. Rcc1 Nd6 30. Nd2 Nc4 31. Nb3 Rd3 32. Nc5 Rxa3 33. Ra1
a5 34. Rxa3 Nxa3 35. Nd7+ Ke7 36. Nb6 Rb8 37. bxa5 Nc4 38. Nxc4 bxc4 39. Rc1
Kd6 40. Kf1 Kc5 41. a6 Ra8 42. Ra1 Kb6 43. Ke2 Rxa6 44. Rxa6+ Kxa6 45. Kd2 Kb5
46. Kc3 g5 47. g3 g4 48. e4 e5 49. Kc2 Kb4 50. Kb2 c3+ 51. Kc2 Kc4 0-1

[Event "Montreal op U2100"]
[Site "Montreal CAN"]
[Date "2019.09.07"]
[Round "2.32"]
[White "Nafii, Adil"]
[Black "Simard, Francois"]
[Result "0-1"]
[WhiteElo "1650"]
[BlackElo "1805"]
[PlyCount "104"]
[EventDate "2019.09.06"]
[EventType "swiss"]
[EventRounds "5"]
[EventCountry "CAN"]

1. d4 d5 2. c4 e6 3. Nc3 c5 4. e3 Nc6 5. Nf3 Nf6 6. a3 a6 7. cxd5 exd5 8. Be2
Be7 9. h3 O-O 10. O-O Be6 11. dxc5 Bxc5 12. b4 Ba7 13. Bb2 Rc8 14. Rc1 Re8 15.
b5 Nb8 16. Ng5 d4 17. exd4 Bxd4 18. Nxe6 Rxe6 19. bxa6 bxa6 20. Bf3 Nc6 21.
Bxc6 Rexc6 22. Ne2 Rxc1 23. Bxc1 Bc5 24. Qa4 Qb6 25. Bg5 h6 26. Bxf6 Qxf6 27.
Ng3 Qb6 28. Ne4 Bd4 29. Qd1 Bb2 30. Qf3 Qa5 31. Nd6 Rc7 32. Qe4 Qe5 33. Qb4 Qc3
34. Qb8+ Kh7 35. Qe8 Qe5 36. Qd8 Rc1 37. Rxc1 Bxc1 38. g3 Bxa3 39. Nxf7 Qe1+
40. Kg2 Bc5 41. Qd3+ Kg8 42. Qf5 Qxf2+ 43. Qxf2 Bxf2 44. Nxh6+ gxh6 45. Kxf2
Kf7 46. Ke3 Kf6 47. Ke4 a5 48. Kd5 Kf5 49. Kc4 Ke4 50. g4 Kf4 51. Kb5 Kg3 52.
Kxa5 Kxh3 0-1

[Event "Montreal op U2100"]
[Site "Montreal CAN"]
[Date "2019.09.07"]
[Round "2.34"]
[White "Rabutki, Dimitri"]
[Black "Khan, Alexandre"]
[Result "0-1"]
[WhiteElo "1611"]
[BlackElo "1721"]
[PlyCount "46"]
[EventDate "2019.09.06"]
[EventType "swiss"]
[EventRounds "5"]
[EventCountry "CAN"]

1. e4 c6 2. d4 d5 3. e5 Bf5 4. Bd3 Bxd3 5. Qxd3 e6 6. Ne2 Qa5+ 7. Bd2 Qa6 8.
Qb3 Nd7 9. f4 Ne7 10. Bb4 Nf5 11. Bxf8 Qxe2+ 12. Kxe2 Nxd4+ 13. Kd3 Nxb3 14.
Bxg7 Nbc5+ 15. Ke3 Rg8 16. Bh6 Rxg2 17. Nd2 d4+ 18. Kxd4 Rxd2+ 19. Ke3 Rxc2 20.
Rag1 O-O-O 21. Rg7 Nf6 22. f5 Rd3+ 23. Kf4 Nh5+ 0-1

[Event "Montreal op U2100"]
[Site "Montreal CAN"]
[Date "2019.09.07"]
[Round "2.35"]
[White "Roy, Stephane"]
[Black "Wang, Derek"]
[Result "1-0"]
[WhiteElo "1707"]
[BlackElo "1511"]
[PlyCount "89"]
[EventDate "2019.09.06"]
[EventType "swiss"]
[EventRounds "5"]
[EventCountry "CAN"]

1. Nf3 Nf6 2. c4 e6 3. e3 d5 4. b3 b6 5. Bb2 Bb7 6. Nc3 c5 7. Qc2 Nbd7 8. Bd3
Bd6 9. h3 a6 10. Ng5 h6 11. Nf3 Qc7 12. Ke2 Rc8 13. Rhg1 Ne5 14. Nxe5 Bxe5 15.
cxd5 exd5 16. Bf5 Rd8 17. g4 d4 18. Na4 Nd5 19. exd4 Nf4+ 20. Kf1 cxd4 21. Qxc7
Bxc7 22. Rc1 Bb8 23. Re1+ Kf8 24. Nxb6 Nxh3 25. Nd7+ Kg8 26. Bxd4 Bc7 27. Nc5
Bc6 28. Bc3 Bb5+ 29. d3 Nxg1 30. Kxg1 Bb6 31. Nb7 Rb8 32. Nd6 Bc6 33. Re7 Bd5
34. Nc8 Bc6 35. d4 Bd8 36. Re1 h5 37. d5 Bb5 38. a4 Rxc8 39. axb5 Bf6 40. Bxf6
Ra8 41. Bd4 axb5 42. b4 hxg4 43. d6 Rh6 44. d7 Rd6 45. Re8+ 1-0

[Event "Montreal op U2100"]
[Site "Montreal CAN"]
[Date "2019.09.07"]
[Round "3.15"]
[White "Mercure, Gilbert"]
[Black "Dumoulin, Sylvain"]
[Result "1-0"]
[WhiteElo "1841"]
[BlackElo "1779"]
[PlyCount "89"]
[EventDate "2019.09.06"]
[EventType "swiss"]
[EventRounds "5"]
[EventCountry "CAN"]

1. e4 e6 2. d4 d5 3. e5 c5 4. c3 Nc6 5. Nf3 Bd7 6. Bd3 Qc7 7. Bf4 c4 8. Bc2
O-O-O 9. Nbd2 h6 10. h4 f5 11. h5 Be8 12. Nh4 Nge7 13. g4 g5 14. hxg6 Nxg6 15.
Nxg6 Bxg6 16. gxf5 exf5 17. Rg1 Qf7 18. Qe2 Be7 19. O-O-O Rdg8 20. Nxc4 dxc4
21. e6 Qe8 22. Qxc4 Bh5 23. Rde1 Bg5 24. Rxg5 hxg5 25. Be5 Bf3 26. Bxf5 Rf8 27.
Qd3 Rxf5 28. Qxf5 Rf8 29. Bf6 Qe7 30. Bxe7 Rxf5 31. Bd6 Bh5 32. Rh1 Be8 33. Rh7
Rd5 34. Bg3 b6 35. b4 Kd8 36. Bc7+ Kc8 37. a4 Nxd4 38. cxd4 Rxd4 39. Be5 Rc4+
40. Kd2 Bxa4 41. Rxa7 Bc6 42. Rg7 Rxb4 43. Rc7+ Kd8 44. Rxc6 Ke7 45. Bd6+ 1-0

[Event "Montreal op U2100"]
[Site "Montreal CAN"]
[Date "2019.09.07"]
[Round "3.16"]
[White "Yan, Alex Jikai"]
[Black "Morin-Pare, Victor"]
[Result "1/2-1/2"]
[WhiteElo "1773"]
[BlackElo "1835"]
[PlyCount "80"]
[EventDate "2019.09.06"]
[EventType "swiss"]
[EventRounds "5"]
[EventCountry "CAN"]

1. e4 c6 2. d4 d5 3. e5 Bf5 4. h4 h6 5. Nf3 e6 6. c4 dxc4 7. Bxc4 Ne7 8. Nc3
Nd7 9. Be3 Nb6 10. Bd3 Bxd3 11. Qxd3 Ned5 12. Bd2 Be7 13. Nxd5 Nxd5 14. g3 Qb6
15. Bc3 Rd8 16. a3 O-O 17. O-O c5 18. Qe4 Rd7 19. dxc5 Nxc3 20. bxc3 Qxc5 21.
c4 Rfd8 22. Rfb1 b6 23. Qe2 Rd3 24. Rc1 Rxa3 25. Rxa3 Qxa3 26. Rd1 Rxd1+ 27.
Qxd1 Bc5 28. Kg2 Qb2 29. Qd8+ Kh7 30. Qd3+ g6 31. h5 Qxf2+ 32. Kh3 Bf8 33. Nh4
Bg7 34. hxg6+ fxg6 35. Qxg6+ Kg8 36. Qe8+ Qf8 37. Qxe6+ Qf7 38. Qc8+ Qf8 39.
Qe6+ Qf7 40. Qc8+ Qf8 1/2-1/2

[Event "Montreal op U2100"]
[Site "Montreal CAN"]
[Date "2019.09.07"]
[Round "3.17"]
[White "Varro, Daniel"]
[Black "Ning, Alwin"]
[Result "0-1"]
[WhiteElo "1604"]
[BlackElo "1838"]
[PlyCount "120"]
[EventDate "2019.09.06"]
[EventType "swiss"]
[EventRounds "5"]
[EventCountry "CAN"]

1. d4 d5 2. c4 c6 3. Nf3 Nf6 4. Nc3 e6 5. Bg5 Nbd7 6. Qc2 Bd6 7. e3 O-O 8. cxd5
exd5 9. Bd3 h6 10. Bh4 Re8 11. O-O Qc7 12. Bg3 Bxg3 13. hxg3 Qd6 14. Rab1 a5
15. Rfc1 Qc7 16. Nd2 Ng4 17. Re1 Nb6 18. e4 dxe4 19. Rxe4 Be6 20. Rbe1 Nf6 21.
R4e2 Qd7 22. Nf3 Bg4 23. Qd2 Rxe2 24. Rxe2 Bxf3 25. gxf3 Rd8 26. Re3 Qxd4 27.
Qe2 Nbd5 28. Nxd5 Qxd5 29. a3 Qd7 30. Kg2 Nd5 31. Re4 Nc3 32. bxc3 Qxd3 33.
Re8+ Kh7 34. Qe7 Rxe8 35. Qxe8 Qd5 36. Qe2 b5 37. a4 b4 38. cxb4 axb4 39. a5
Qxa5 40. Qe4+ g6 41. Qxc6 Kg7 42. Qc4 Qb6 43. Qb3 Qc5 44. Qb2+ Qc3 45. Qe2 b3
46. Qd1 b2 47. g4 Kh7 48. Kg3 Qc7+ 49. Kg2 Qf4 50. Qb3 Qf6 51. Kg3 Kg7 52. f4
Qd4 53. f5 gxf5 54. gxf5 Qe5+ 55. Kg2 Qf4 56. f3 Qd2+ 57. Kg3 Qe1+ 58. Kg4 b1=Q
59. f6+ Kxf6 60. Qd5 Qe6+ 0-1

[Event "Montreal op U2100"]
[Site "Montreal CAN"]
[Date "2019.09.07"]
[Round "3.18"]
[White "Jiang, Barron Jiyu"]
[Black "Baran, Marius"]
[Result "1-0"]
[WhiteElo "1570"]
[BlackElo "1815"]
[PlyCount "65"]
[EventDate "2019.09.06"]
[EventType "swiss"]
[EventRounds "5"]
[EventCountry "CAN"]

1. e4 d5 2. exd5 Nf6 3. d4 Nxd5 4. c4 Nb4 5. Qa4+ N8c6 6. d5 b5 7. cxb5 Bf5 8.
Na3 Qxd5 9. bxc6 Qe4+ 10. Be3 Nd3+ 11. Bxd3 Qxa4 12. Bxf5 Qa5+ 13. Ke2 Qxf5 14.
Nf3 e6 15. Nc4 Bb4 16. Rac1 O-O 17. Rhd1 f6 18. Kf1 e5 19. a3 Be7 20. Rd7 Bd8
21. Rcd1 Qe6 22. Na5 Be7 23. b4 Bd6 24. b5 Rf7 25. Rxf7 Kxf7 26. Nd2 Qg4 27.
Ra1 Qa4 28. Ndc4 Ke7 29. Rb1 Qc2 30. Rc1 Qd3+ 31. Kg1 Bxa3 32. Nxa3 Qxa3 33.
Bc5+ 1-0

[Event "Montreal op U2100"]
[Site "Montreal CAN"]
[Date "2019.09.07"]
[Round "3.19"]
[White "Demers, Alexis"]
[Black "Bilodeau-Savaria, Carl-William"]
[Result "0-1"]
[WhiteElo "1738"]
[BlackElo "1393"]
[PlyCount "152"]
[EventDate "2019.09.06"]
[EventType "swiss"]
[EventRounds "5"]
[EventCountry "CAN"]

1. d4 e6 2. c4 Nf6 3. Nc3 Be7 4. e4 d6 5. f4 O-O 6. Nf3 Nbd7 7. Be2 c5 8. d5
Ne8 9. O-O Nc7 10. e5 Nb6 11. dxe6 Bxe6 12. b3 d5 13. cxd5 Ncxd5 14. Nxd5 Nxd5
15. Qc2 Nb4 16. Qc3 Qb6 17. Bc4 Bf5 18. a3 Nc6 19. Be3 Rad8 20. Rad1 Rxd1 21.
Rxd1 Rd8 22. Rxd8+ Qxd8 23. Qd2 Qxd2 24. Nxd2 Nd4 25. Bxd4 cxd4 26. b4 a5 27.
bxa5 Bxa3 28. h3 Bb4 29. Nb3 Bc2 30. Kf1 d3 31. a6 bxa6 32. Bxa6 Bxb3 33. Bxd3
h6 34. Kf2 Kf8 35. Kf3 Ke7 36. Be4 Bd1+ 37. Ke3 Ba3 38. Kd2 Ba4 39. Bd5 Bc5 40.
Ke2 Bb5+ 41. Kf3 Bg1 42. Bb3 Bc6+ 43. Kg3 Be4 44. h4 f6 45. exf6+ Kxf6 46. Ba4
Be3 47. Bd7 Bf5 48. Bc6 Bd2 49. Kf3 Bc2 50. Bd7 Ke7 51. Bb5 Kd6 52. g3 Kd5 53.
Ke2 Bb4 54. Be8 Kd4 55. h5 Bd6 56. Bb5 Bb3 57. Be8 Be6 58. Kf3 Bd5+ 59. Ke2
Bxf4 60. gxf4 Ke4 61. Kf2 Kxf4 62. Bg6 Kg5 63. Kg3 Bb3 64. Be4 Kxh5 65. Kh3 g6
66. Kg3 Kg5 67. Bc6 h5 68. Bb7 h4+ 69. Kh2 Kf4 70. Kg2 Bc2 71. Kh2 g5 72. Kg1
Kg3 73. Bc6 Bd1 74. Bd7 Bg4 75. Bc6 h3 76. Bd5 Bf3 0-1

[Event "Montreal op U2100"]
[Site "Montreal CAN"]
[Date "2019.09.07"]
[Round "3.20"]
[White "Bilodeau-Savaria, Sandy-Rose"]
[Black "Omichi, Haruaki"]
[Result "0-1"]
[WhiteElo "1460"]
[BlackElo "1737"]
[PlyCount "102"]
[EventDate "2019.09.06"]
[EventType "swiss"]
[EventRounds "5"]
[EventCountry "CAN"]

1. d4 d5 2. c4 dxc4 3. Nc3 e5 4. dxe5 Qxd1+ 5. Nxd1 Nc6 6. f4 Nd4 7. Ne3 Nh6 8.
Nf3 Nhf5 9. Nxd4 Nxd4 10. Bd2 b5 11. Rd1 Bc5 12. Bc3 Ne6 13. Nd5 c6 14. f5 cxd5
15. fxe6 Bxe6 16. g3 Rd8 17. Bg2 O-O 18. Bd4 Rc8 19. O-O Rfd8 20. a3 Kf8 21. e3
Ke7 22. Rd2 Bxd4 23. exd4 c3 24. Rc2 cxb2 25. Rxb2 a6 26. Rb4 Rc3 27. a4 Rc4
28. Rxc4 dxc4 29. axb5 axb5 30. Rb1 Bd5 31. Rxb5 Bxg2 32. Kxg2 Rxd4 33. Rc5
Rd2+ 34. Kf3 Rxh2 35. Rxc4 Ke6 36. Rc5 Ra2 37. g4 g5 38. Rb5 Ra3+ 39. Kf2 Ra4
40. Kf3 Rf4+ 41. Kg3 Re4 42. Rb1 Kxe5 43. Rh1 Re3+ 44. Kf2 Kf4 45. Rxh7 Rf3+
46. Kg2 Kxg4 47. Rg7 Rf4 48. Rh7 f5 49. Rg7 Rc4 50. Rg8 Rc2+ 51. Kf1 Kf3 0-1